[Event "Cracovia Chess Festival A 2021"]
[Site "Cracow"]
[Date "2022.01.02"]
[Round "7.39"]
[White "Bombek, Peter"]
[Black "Garbowski, Jakub"]
[Result "0-1"]
[WhiteElo "2099"]
[BlackElo "2145"]
[Annotator "ChessBase"]
[PlyCount "98"]
[EventDate "2021.12.27"]
[EventCountry "POL"]
[SourceTitle "playchess.com"]
[Source "ChessBase"]
[SourceQuality "1"]
[TimeControl "40/5400+30:1800+30"]

1. d4 {[%emt 0:00:03]} Nf6 {[%emt 0:01:30]} 2. Bg5 {[%emt 0:00:01]} Ne4 {[%emt 0:04:37]} 3. Bf4 {[%emt 0:00:03]} d5 {[%emt 0:00:07]} 4. e3 {[%emt 0:00:11]} c5 {[%emt 0:01:14]} 5. Bd3 {[%emt 0:00:35]} Nf6 {[%emt 0:02:33]} 6. c3 {[%emt 0:00:55]} Nc6 {[%emt 0:01:28]} 7. Nd2 {[%emt 0:01:18]} e6 {[%emt 0:06:55]} 8. Ngf3 {[%emt 0:01:10]} h6 {[%emt 0:00:56]} 9. O-O {[%emt 0:01:45]} Bd6 {[%emt 0:06:14]} 10. Bxd6 {[%emt 0:06:18]} Qxd6 {[%emt 0:00:49]} 11. e4 {[%emt 0:00:26]} dxe4 {[%emt 0:08:52]} 12. Nxe4 {[%emt 0:00:48]} Nxe4 {[%emt 0:00:34]} 13. Bxe4 {[%emt 0:00:02]} O-O {[%emt 0:01:03]} 14. dxc5 {[%emt 0:06:24]} Qxc5 {[%emt 0:05:16]} 15. Bxc6 {[%emt 0:02:13]} Qxc6 {[%emt 0:01:17]} 16. Qd4 {[%emt 0:00:49]} f6 {[%emt 0:05:39]} 17. Rfd1 {[%emt 0:02:11]} e5 {[%emt 0:04:10]} 18. Qd6 {[%emt 0:02:43]} Qxd6 {[%emt 0:04:01]} 19. Rxd6 {[%emt 0:00:07]} Kf7 {[%emt 0:00:15]} 20. h3 {[%emt 0:07:41]} Be6 {[%emt 0:01:38]} 21. Rad1 {[%emt 0:00:34]} Rac8 {[%emt 0:05:27]} 22. R1d2 {[%emt 0:03:38]} g5 {[%emt 0:08:26]} 23. Ne1 {[%emt 0:02:22]} Ke7 {[%emt 0:05:24]} 24. a3 {[%emt 0:02:15]} Rfd8 {[%emt 0:01:35]} 25. Rxd8 {[%emt 0:00:47]} Rxd8 {[%emt 0:00:06]} 26. Rxd8 {[%emt 0:00:32]} Kxd8 {[%emt 0:00:06]} 27. g4 {[%emt 0:02:39]} f5 {[%emt 0:04:07]} 28. gxf5 {[%emt 0:00:32]} Bxf5 {[%emt 0:00:07]} 29. Kh2 {[%emt 0:02:38]} Ke7 {[%emt 0:02:08]} 30. Ng2 {[%emt 0:01:58]} h5 {[%emt 0:04:23]} 31. h4 {[%emt 0:08:21]} Kf6 {[%emt 0:01:43]} 32. Kg3 {[%emt 0:00:32]} Be4 {[%emt 0:01:12]} 33. Ne3 {[%emt 0:01:07]} gxh4+ {[%emt 0:03:16]} 34. Kxh4 {[%emt 0:00:19]} Bf3 {[%emt 0:00:10]} 35. a4 {[%emt 0:09:36]} Be2 {[%emt 0:05:27]} 36. b4 {[%emt 0:03:14]} Ke6 {[%emt 0:00:49]} 37. Kg5 {[%emt 0:01:58]} Bf3 {[%emt 0:01:59]} 38. c4 {[%emt 0:00:56]} a5 {[%emt 0:00:50]} 39. bxa5 {[%emt 0:01:38]} Kd6 {[%emt 0:01:06]} 40. Kf5 {[%emt 0:00:00]} h4 {[%emt 0:00:00]} 41. c5+ {[%emt 0:08:17]} Kxc5 {[%emt 0:07:12]} 42. Kxe5 {[%emt 0:00:07]} h3 {[%emt 0:03:15]} 43. Nf1 {[%emt 0:02:18]} Kb4 {[%emt 0:01:01]} 44. Nh2 {[%emt 0:01:13]} Bd1 {[%emt 0:06:31]} 45. Kd6 {[%emt 0:01:39]} Kxa5 {[%emt 0:00:53]} 46. Kc7 {[%emt 0:00:10]} b6 {[%emt 0:00:34]} 47. f4 {[%emt 0:00:47]} Bxa4 {[%emt 0:00:49]} 48. f5 {[%emt 0:00:10]} Be8 {[%emt 0:00:53]} 49. f6 {[%emt 0:00:55]} b5 {[%emt 0:00:44]} 0-1

[Event "Cracovia Chess Festival A 2021"]
[Site "Cracow"]
[Date "2022.01.02"]
[Round "7.40"]
[White "Dwilewicz, Katarzyna"]
[Black "Gbyl, Andrzej"]
[Result "1-0"]
[WhiteElo "2100"]
[BlackElo "2228"]
[Annotator "ChessBase"]
[PlyCount "37"]
[EventDate "2021.12.27"]
[EventCountry "POL"]
[SourceTitle "playchess.com"]
[Source "ChessBase"]
[SourceQuality "1"]
[TimeControl "40/5400+30:1800+30"]

1. e4 {[%emt 0:00:03]} c6 {[%emt 0:00:04]} 2. d4 {[%emt 0:00:12]} d5 {[%emt 0:00:06]} 3. Nc3 {[%emt 0:00:39]} dxe4 {[%emt 0:00:05]} 4. Nxe4 {[%emt 0:00:04]} Bf5 {[%emt 0:00:07]} 5. Ng3 {[%emt 0:00:18]} Bg6 {[%emt 0:00:12]} 6. Nh3 {[%emt 0:00:10]} e6 {[%emt 0:00:37]} 7. Nf4 {[%emt 0:00:50]} Bd6 {[%emt 0:00:14]} 8. Ngh5 {[%emt 0:00:46]} Bxh5 {[%emt 0:00:22]} 9. Nxh5 {[%emt 0:00:07]} g6 {[%emt 0:00:11]} 10. Ng3 {[%emt 0:02:22]} Qc7 {[%emt 0:02:04]} 11. Qf3 {[%emt 0:03:37]} Nd7 {[%emt 0:03:15]} 12. Ne4 {[%emt 0:02:12]} Ne7 {[%emt 0:02:43]} 13. Bc4 {[%emt 0:05:33]} Nf5 {[%emt 0:03:18]} 14. c3 {[%emt 0:05:18]} h5 {[%emt 0:08:19]} 15. Nxd6+ {[%emt 0:02:19]} Qxd6 {[%emt 0:00:40]} 16. Bf4 {[%emt 0:02:48]} Qe7 {[%emt 0:03:47]} 17. O-O-O {[%emt 0:00:51]} O-O-O {[%emt 0:01:55]} 18. Qxc6+ {[%emt 0:04:38]} bxc6 {[%emt 0:00:12]} 19. Ba6# {[%emt 0:00:04]} 1-0

[Event "Cracovia Chess Festival A 2021"]
[Site "Cracow"]
[Date "2022.01.03"]
[Round "8.1"]
[White "Licznerski, Lukasz"]
[Black "Horvath, Dominik"]
[Result "1-0"]
[WhiteElo "2411"]
[BlackElo "2478"]
[Annotator "TA"]
[PlyCount "97"]
[EventDate "2021.12.27"]
[EventCountry "POL"]
[SourceTitle "playchess.com"]
[Source "ChessBase"]
[SourceQuality "1"]

{[%evp 12,97,47,20,13,12,34,9,22,11,13,21,60,65,50,36,32,18,37,23,62,52,61,44,81,47,48,56,93,91,85,19,43,34,60,54,65,58,79,78,73,79,96,81,118,104,358,349,360,340,358,344,352,334,344,301,314,306,355,338,341,305,458,467,458,458,431,483,479,482,490,483,481,467,447,460,413,425,442,408,568,561,546,472,646,403,558,627]} 1. e4 Nf6 2. e5 Nd5 3. d4 d6 4. Nf3 dxe5 5. Nxe5 g6 6. Bc4 c6 7. Qf3 {[%csl Ge5][%cal Rf3f7]} Be6 {B04: Alekhine's Defence: 4 Nf3.} 8. O-O Nd7 9. Nd3 Bg7 {The position is equal.} 10. c3 {[#]} a5 $146 ({Predecessor:} 10... O-O 11. Bb3 a5 12. Nf4 Nxf4 13. Bxf4 Bf5 14. a4 e5 15. dxe5 Nxe5 16. Bxe5 Bxe5 {0-1 (42) Jabed,A (2002)-Aronyak,G (2436) Dhaka 2021}) 11. a4 Nf4 {[%cal Of4h3]} 12. Bxe6 $1 Nxe6 13. Nd2 O-O 14. Re1 Nb6 15. Ne4 Nd7 16. h4 {White is much more active.} Nf6 17. Nxf6+ (17. Ng5 $5 {[%cal Rg5e6]}) 17... Bxf6 18. Bh6 (18. h5 {keeps more tension.} Qd6 19. Ne5 Rfd8 20. Qg4 Qd5 21. hxg6 hxg6 22. Nxg6 fxg6 23. Qxe6+ Qxe6 24. Rxe6 c5 25. Be3) 18... Bg7 19. Qe3 Qd5 20. Bxg7 Kxg7 21. Nf4 ({White should try} 21. Qd2 $16) 21... Nxf4 $11 22. Qxf4 Rfe8 23. Re5 Qd6 24. Qg4 e6 25. Rae1 {[%cal Ba1e1,Be1e3,Be3h3,Bh3h7][%mdl 32]} Red8 26. h5 {[%cal Od4d5]} Qe7 27. Qf4 Rd6 28. R1e3 $1 f6 $2 {[%mdl 8192] [#] Black cannot hold the game after this.} (28... b6 $16) 29. hxg6 $1 $18 hxg6 {[#]} (29... fxe5 $2 30. Qxe5+ Qf6 31. Qxd6 hxg6 32. Rf3 Qxf3 33. gxf3 $18) 30. Rh3 $1 Rg8 {[#]} 31. Qh2 {Threatening mate with Rh7+.} Kf7 32. Rh7+ ({Don't do} 32. Rxa5 e5 33. Rh7+ Rg7 $18) 32... Rg7 {[#]} 33. Qh6 $1 Rxh7 34. Qxh7+ {[%mdl 4096] Endgame KQR-KQR} Kf8 35. Qh8+ Kf7 36. Rxa5 Qf8 (36... Rd8 $142 37. Qh7+ Ke8 38. Qxg6+ Qf7) 37. Qh7+ Qg7 38. Qxg7+ Kxg7 {KR-KR} 39. Ra7 Rd7 40. a5 {Black must now prevent a6.} Rf7 41. b4 ({Not} 41. a6 bxa6 42. Rxa6 Rc7 $18) 41... Kf8 42. Kf1 Ke8 43. Ke2 Rd7 44. f4 Kd8 45. Ke3 Re7 46. Ke4 Rd7 47. g3 Kc8 {...Kb8 is the strong threat.} 48. Ra8+ Kc7 49. Rf8 {Weighted Error Value: White=0.09 (flawless) /Black=0.35} 1-0

[Event "Cracovia Chess Festival A 2021"]
[Site "Cracow"]
[Date "2022.01.03"]
[Round "8.2"]
[White "Kozak, Antoni"]
[Black "Jarmula, Lukasz"]
[Result "0-1"]
[WhiteElo "2356"]
[BlackElo "2426"]
[Annotator "ChessBase"]
[PlyCount "100"]
[EventDate "2021.12.27"]
[EventCountry "POL"]
[SourceTitle "playchess.com"]
[Source "ChessBase"]
[SourceQuality "1"]
[TimeControl "40/5400+30:1800+30"]

1. Nf3 {[%emt 0:06:59]} d5 {[%emt 0:00:12]} 2. e3 {[%emt 0:00:57]} Nf6 {[%emt 0:01:51]} 3. c4 {[%emt 0:00:10]} e6 {[%emt 0:00:05]} 4. b3 {[%emt 0:01:47]} c5 {[%emt 0:00:41]} 5. Bb2 {[%emt 0:01:43]} Nc6 {[%emt 0:00:22]} 6. cxd5 {[%emt 0:02:44]} exd5 {[%emt 0:00:13]} 7. Be2 {[%emt 0:03:36]} Bd6 {[%emt 0:01:05]} 8. d4 {[%emt 0:05:06]} cxd4 {[%emt 0:06:20]} 9. Nxd4 {[%emt 0:00:59]} Bb4+ {[%emt 0:00:44]} 10. Bc3 {[%emt 0:05:54]} Qa5 {[%emt 0:01:27]} 11. Qd2 {[%emt 0:03:33]} Bxc3 {[%emt 0:04:46]} 12. Nxc3 {[%emt 0:01:47]} Nxd4 {[%emt 0:00:33]} 13. Qxd4 {[%emt 0:00:10]} O-O {[%emt 0:00:09]} 14. O-O {[%emt 0:09:00]} Be6 {[%emt 0:00:37]} 15. Rac1 {[%emt 0:07:50]} Ne4 {[%emt 0:11:28]} 16. Qa4 {[%emt 0:01:29]} Qxc3 {[%emt 0:06:44]} 17. Rxc3 {[%emt 0:03:50]} Nxc3 {[%emt 0:00:09]} 18. Qb4 {[%emt 0:05:55]} Nxe2+ {[%emt 0:00:17]} 19. Kh1 {[%emt 0:00:01]} Rfc8 {[%emt 0:00:38]} 20. Qxb7 {[%emt 0:00:03]} Nc3 {[%emt 0:00:48]} 21. Rc1 {[%emt 0:02:02]} Nxa2 {[%emt 0:02:42]} 22. Rxc8+ {[%emt 0:00:03]} Rxc8 {[%emt 0:00:07]} 23. h3 {[%emt 0:00:02]} a5 {[%emt 0:01:36]} 24. Qb5 {[%emt 0:00:48]} Nc1 {[%emt 0:00:39]} 25. g4 {[%emt 0:00:03]} h6 {[%emt 0:03:14]} 26. f4 {[%emt 0:00:06]} g6 {[%emt 0:03:25]} 27. e4 {[%emt 0:03:20]} dxe4 {[%emt 0:08:03]} 28. f5 {[%emt 0:00:04]} Bxb3 {[%emt 0:00:46]} 29. Qd7 {[%emt 0:00:57]} Rc3 {[%emt 0:10:31]} 30. Qd8+ {[%emt 0:12:13]} Kh7 {[%emt 0:01:39]} 31. fxg6+ {[%emt 0:00:05]} fxg6 {[%emt 0:00:29]} 32. Qe7+ {[%emt 0:00:05]} Kg8 {[%emt 0:00:06]} 33. Qe8+ {[%emt 0:00:05]} Kh7 {[%emt 0:00:05]} 34. Qe7+ {[%emt 0:00:03]} Kg8 {[%emt 0:00:07]} 35. Qf6 {[%emt 0:11:24]} Ne2 {[%emt 0:15:30]} 36. Qxg6+ {[%emt 0:00:47]} Kf8 {[%emt 0:01:00]} 37. Qxh6+ {[%emt 0:00:05]} Ke7 {[%emt 0:00:33]} 38. Kh2 {[%emt 0:01:43]} Rf3 {[%emt 0:01:42]} 39. Qg5+ {[%emt 0:01:09]} Ke6 {[%emt 0:01:56]} 40. Qxa5 {[%emt 0:00:00]} Rf2+ {[%emt 0:00:00]} 41. Kh1 {[%emt 0:01:06]} Bd5 {[%emt 0:07:30]} 42. Qb6+ {[%emt 0:02:41]} Ke5 {[%emt 0:01:19]} 43. Qe3 {[%emt 0:00:03]} Nd4 {[%emt 0:05:24]} 44. Qg5+ {[%emt 0:04:40]} Kd6 {[%emt 0:00:38]} 45. Qd8+ {[%emt 0:00:17]} Kc5 {[%emt 0:01:05]} 46. Qa5+ {[%emt 0:00:22]} Nb5 {[%emt 0:03:18]} 47. Kg1 {[%emt 0:00:24]} e3 {[%emt 0:00:39]} 48. Qd8 {[%emt 0:00:34]} Nc3 {[%emt 0:01:04]} 49. Qe7+ {[%emt 0:04:33]} Kd4 {[%emt 0:01:03]} 50. Qf7 {[%emt 0:00:11]} Ne2# 0-1

[Event "Cracovia Chess Festival A 2021"]
[Site "Cracow"]
[Date "2022.01.03"]
[Round "8.3"]
[White "Zylka, Stanislaw"]
[Black "Chakravarthi Reddy, M."]
[Result "1-0"]
[WhiteElo "2406"]
[BlackElo "2342"]
[Annotator "ChessBase"]
[PlyCount "89"]
[EventDate "2021.12.27"]
[EventCountry "POL"]
[SourceTitle "playchess.com"]
[Source "ChessBase"]
[SourceQuality "1"]
[TimeControl "40/5400+30:1800+30"]

1. e4 {[%emt 0:00:04]} e6 {[%emt 0:02:36]} 2. d4 {[%emt 0:00:05]} d5 {[%emt 0:00:02]} 3. Nc3 {[%emt 0:00:14]} Nf6 {[%emt 0:00:13]} 4. Bg5 {[%emt 0:00:12]} Be7 {[%emt 0:00:03]} 5. e5 {[%emt 0:00:14]} Nfd7 {[%emt 0:00:03]} 6. h4 {[%emt 0:00:15]} Bxg5 {[%emt 0:00:03]} 7. hxg5 {[%emt 0:00:11]} Qxg5 {[%emt 0:00:03]} 8. Nf3 {[%emt 0:01:09]} Qe7 {[%emt 0:00:04]} 9. Qd2 {[%emt 0:00:34]} Nc6 {[%emt 0:00:04]} 10. O-O-O {[%emt 0:00:34]} Nb6 {[%emt 0:00:44]} 11. Bd3 {[%emt 0:05:18]} Bd7 {[%emt 0:03:18]} 12. Rh3 {[%emt 0:01:44]} O-O-O {[%emt 0:01:20]} 13. Rdh1 {[%emt 0:00:15]} h6 {[%emt 0:00:20]} 14. g4 {[%emt 0:03:44]} Rhf8 {[%emt 0:00:56]} 15. a3 {[%emt 0:14:03]} f6 {[%emt 0:02:34]} 16. Re1 {[%emt 0:00:06]} Be8 {[%emt 0:09:50]} 17. exf6 {[%emt 0:04:00]} Qxf6 {[%emt 0:00:29]} 18. g5 {[%emt 0:00:53]} hxg5 {[%emt 0:00:16]} 19. Nxg5 {[%emt 0:00:27]} Qxf2 {[%emt 0:07:43]} 20. Nxe6 {[%emt 0:02:30]} Qxd2+ {[%emt 0:05:13]} 21. Kxd2 {[%emt 0:00:07]} Bd7 {[%emt 0:00:09]} 22. Nxd8 {[%emt 0:00:24]} Bxh3 {[%emt 0:06:27]} 23. Nxc6 {[%emt 0:00:35]} bxc6 {[%emt 0:00:05]} 24. Re7 {[%emt 0:01:34]} Rg8 {[%emt 0:06:25]} 25. Bh7 Nc4+ {[%emt 0:00:11]} 26. Kc1 {[%emt 0:00:26]} Kd8 {[%emt 0:18:13]} 27. Rf7 {[%emt 0:01:00]} Re8 {[%emt 0:00:56]} 28. Kb1 {[%emt 0:00:18]} g5 {[%emt 0:02:20]} 29. Rg7 {[%emt 0:01:02]} g4 {[%emt 0:10:19]} 30. Na4 {[%emt 0:02:53]} Re1+ {[%emt 0:00:33]} 31. Ka2 {[%emt 0:00:02]} Rg1 {[%emt 0:03:14]} 32. Bf5 {[%emt 0:02:59]} Nd6 {[%emt 0:10:35]} 33. Be6 {[%emt 0:01:15]} Ne4 {[%emt 0:04:07]} 34. Rd7+ {[%emt 0:02:14]} Ke8 {[%emt 0:00:11]} 35. Rxc7 {[%emt 0:00:29]} Bf1 {[%emt 0:00:30]} 36. Rxc6 {[%emt 0:00:52]} Nf6 {[%emt 0:05:03]} 37. Rc7 {[%emt 0:03:36]} g3 {[%emt 0:00:36]} 38. Nc5 {[%emt 0:00:33]} Kd8 {[%emt 0:01:58]} 39. Rg7 {[%emt 0:04:33]} Ke8 {[%emt 0:01:43]} 40. Bf5 {[%emt 0:00:00]} Kd8 {[%emt 0:00:00]} 41. b3 {[%emt 0:11:33]} g2 {[%emt 0:06:26]} 42. Kb2 {[%emt 0:02:01]} a6 {[%emt 0:10:34]} 43. Ne6+ {[%emt 0:05:25]} Kc8 {[%emt 0:00:35]} 44. Nf4+ {[%emt 0:00:22]} Kb8 {[%emt 0:00:06]} 45. Bh3 {[%emt 0:00:38]} 1-0

[Event "Cracovia Chess Festival A 2021"]
[Site "Cracow"]
[Date "2022.01.03"]
[Round "8.4"]
[White "Pacan-Milej, Kosma"]
[Black "Leniart, Arkadiusz"]
[Result "1-0"]
[WhiteElo "2401"]
[BlackElo "2472"]
[Annotator "ChessBase"]
[PlyCount "79"]
[EventDate "2021.12.27"]
[EventCountry "POL"]
[SourceTitle "playchess.com"]
[Source "ChessBase"]
[SourceQuality "1"]
[TimeControl "40/5400+30:1800+30"]

1. d4 {[%emt 0:00:04]} Nf6 {[%emt 0:00:30]} 2. c4 {[%emt 0:00:11]} e6 {[%emt 0:00:05]} 3. Nf3 {[%emt 0:00:43]} d5 {[%emt 0:00:15]} 4. Nc3 {[%emt 0:00:27]} Bb4 {[%emt 0:00:53]} 5. Bg5 {[%emt 0:01:49]} O-O {[%emt 0:08:25]} 6. e3 {[%emt 0:02:12]} h6 {[%emt 0:00:47]} 7. Bxf6 {[%emt 0:10:32]} Qxf6 {[%emt 0:01:32]} 8. Qb3 {[%emt 0:01:23]} c5 {[%emt 0:08:24]} 9. cxd5 {[%emt 0:15:18]} exd5 {[%emt 0:01:08]} 10. dxc5 {[%emt 0:17:30]} Nc6 {[%emt 0:02:16]} 11. Bb5 {[%emt 0:08:30]} d4 {[%emt 0:09:26]} 12. Bxc6 {[%emt 0:05:12]} dxc3 {[%emt 0:00:58]} 13. Qxb4 {[%emt 0:00:08]} cxb2 {[%emt 0:02:10]} 14. Rb1 {[%emt 0:00:56]} bxc6 {[%emt 0:01:25]} 15. O-O {[%emt 0:07:29]} Ba6 {[%emt 0:24:16]} 16. Rfe1 {[%emt 0:00:18]} Bd3 {[%emt 0:00:57]} 17. Rxb2 {[%emt 0:00:33]} Rab8 {[%emt 0:00:07]} 18. Qxb8 {[%emt 0:00:15]} Rxb8 {[%emt 0:00:03]} 19. Rb3 Rb7 20. Rxb7 {[%emt 0:00:34]} Kh7 {[%emt 0:00:34]} 21. Rb8 {[%emt 0:04:09]} Qe5 {[%emt 0:02:09]} 22. Nd4 {[%emt 0:10:31]} Bc4 {[%emt 0:00:06]} 23. Rb3 {[%emt 0:06:48]} Qg5 {[%emt 0:05:34]} 24. Nxc6 {[%emt 0:00:54]} Qf6 {[%emt 0:05:24]} 25. h4 {[%emt 0:00:59]} Bxb3 {[%emt 0:00:18]} 26. Nd4 {[%emt 0:00:05]} Qc6 27. axb3 Qa6 {[%emt 0:04:56]} 28. c6 {[%emt 0:01:25]} Qa3 {[%emt 0:04:32]} 29. Re2 {[%emt 0:00:17]} Qa1+ {[%emt 0:00:21]} 30. Kh2 {[%emt 0:00:06]} Qa5 {[%emt 0:00:03]} 31. Rc2 {[%emt 0:00:19]} Qc7+ {[%emt 0:00:04]} 32. g3 {[%emt 0:00:52]} a6 {[%emt 0:00:06]} 33. b4 {[%emt 0:00:17]} g5 {[%emt 0:00:24]} 34. hxg5 {[%emt 0:00:11]} hxg5 {[%emt 0:00:48]} 35. b5 {[%emt 0:00:21]} axb5 {[%emt 0:03:04]} 36. Nxb5 {[%emt 0:00:04]} Qc8 {[%emt 0:00:21]} 37. c7 {[%emt 0:00:17]} Kg6 {[%emt 0:00:08]} 38. Nd6 {[%emt 0:00:29]} Qh8+ {[%emt 0:00:05]} 39. Kg2 {[%emt 0:00:09]} Qa8+ {[%emt 0:00:04]} 40. e4 {[%emt 0:00:05]} 1-0

[Event "Cracovia Chess Festival A 2021"]
[Site "Cracow"]
[Date "2022.01.03"]
[Round "8.5"]
[White "Warakomski, Tomasz"]
[Black "Gahan M G"]
[Result "1-0"]
[WhiteElo "2535"]
[BlackElo "2248"]
[Annotator "TA"]
[PlyCount "66"]
[EventDate "2021.12.27"]
[EventCountry "POL"]
[SourceTitle "playchess.com"]
[Source "ChessBase"]
[SourceQuality "1"]

{[%evp 12,66,15,15,41,46,74,66,74,70,71,69,60,76,68,66,66,60,89,88,94,88,164,97,168,153,167,173,147,158,161,150,136,133,316,311,302,301,431,425,504,514,536,536,507,523,491,446,470,461,6087,6087,29995,29994,29994,5106,29993]} 1. c4 Nf6 2. Nc3 d5 3. cxd5 Nxd5 4. Nf3 g6 5. e4 Nxc3 6. dxc3 Qxd1+ 7. Kxd1 Bg4 {A16: English Opening: 1...Nf6 with ...d5.} 8. Kc2 Nd7 {[#]} 9. Nd4 $146 {Threatens to win with f3.} ({Predecessor:} 9. Bf4 Bxf3 10. gxf3 e5 11. Be3 h5 12. Bh3 Bh6 13. Rad1 Nf6 14. Bxh6 Rxh6 15. Rd2 {0-1 (38) Orlov,G (2522)-Roiz,M (2544) Internet 2004}) 9... e5 {[#] White is slightly better.} 10. h3 $1 exd4 11. hxg4 Bg7 12. cxd4 Bxd4 13. Bh6 Bxf2 14. Bg7 {This bishop pair is nice.} Rg8 15. Rxh7 Nc5 16. e5 {Hoping for Bc4.} Rd8 {[#]} (16... Ne4 $16) 17. Bf6 (17. Bc4 $1 $18 {Black must now prevent Bh6.} Ne6 18. Bf6) 17... Rd7 {[#]} (17... Rd4 $16) 18. Bc4 $1 $40 {[%mdl 128] White has strong attack.} ({But not} 18. Bb5 $6 c6 19. Bc4 b5 $14) 18... Ne4 19. Rd1 {[%cal Oc4f7] White wants to mate with Bxf7+!} Nxf6 20. exf6 {[%cal Oc4e6]} Rf8 21. Rxd7 Kxd7 22. Bxf7 {[%mdl 4096] Endgame Strongly threatening g5. KRB-KRB. White is more active.} ({Don't play} 22. Rxf7+ $6 Rxf7 23. Bxf7 Bh4 $14) 22... g5 $2 {This move loses the game for Black.} (22... Be3 $16 23. Kd3 (23. Bxg6+ Ke6 $16) 23... Bg5 24. Bb3+ (24. Bxg6+ Ke6 $16) 24... Kd6) 23. Kd3 Kd6 24. Ke4 b5 (24... c5 $142 25. Kf5 Bd4) 25. Kf5 Be3 26. Be6 Rd8 27. Rh3 Bd4 28. Rd3 c5 29. b4 {And now bxc5+ would win.} Kc7 {[%cal Od4f6]} 30. f7 c4 {[#]} (30... Bg7 $142) 31. Rxd4 $1 {[%mdl 512]} Rd6 (31... Rxd4 32. Kxg5) 32. Rd5 Rxd5+ 33. Kf6 (33. Bxd5 $142 a5 34. f8=Q axb4 35. Qc5+ Kd7 36. Be6+ Ke8 37. Kf6 Kd8 38. Qe7#) 33... c3 {Weighted Error Value: White=0.04 (flawless) /Black=0.56} 1-0

[Event "Cracovia Chess Festival A 2021"]
[Site "Cracow"]
[Date "2022.01.03"]
[Round "8.6"]
[White "Sengupta, Deep"]
[Black "Kacprzak, Karol"]
[Result "1-0"]
[WhiteElo "2520"]
[BlackElo "2226"]
[Annotator "TA"]
[PlyCount "57"]
[EventDate "2021.12.27"]
[EventCountry "POL"]
[SourceTitle "playchess.com"]
[Source "ChessBase"]
[SourceQuality "1"]

{[%evp 11,57,-10,43,37,70,70,55,62,50,48,110,31,56,44,83,78,83,72,73,87,145,156,152,139,185,115,101,58,54,81,78,80,89,101,227,227,214,189,763,693,1135,1106,4874,2348,5485,5422,29984,29985]} 1. e4 c5 2. Nf3 d6 3. d4 cxd4 4. Nxd4 Nf6 5. Nc3 a6 6. Rg1 e6 (6... e5 $11 7. Nf3 Be7) 7. g4 $14 {[%cal Bg2g4,Bg4g5][%mdl 32] B90: Sicilian Najdorf: Unusual White 6th moves, 6 Be3 Ng4 and 6 Be3 e5.} b5 8. g5 Nfd7 9. a3 {White is slightly better.} Bb7 10. Be3 Nb6 ({Black should play} 10... Nc5 $14) 11. Qd2 (11. Qg4 $1 $16) 11... N8d7 12. f4 {[#]} d5 $146 ({Predecessor:} 12... Rc8 13. O-O-O Nc4 14. Bxc4 Rxc4 15. f5 e5 16. Nb3 Bxe4 17. Nxe4 Rxe4 18. g6 hxg6 19. fxg6 {½-½ (62) Renet,O (2470)-Espig,L (2440) Dortmund 1991}) 13. exd5 Nxd5 14. Nxd5 Bxd5 15. f5 Ne5 (15... Bc5 $142) 16. fxe6 $16 {Strongly threatening 0-0-0.} fxe6 17. O-O-O $1 Be7 (17... Nf3 $16 {was worth a try.} 18. Nxf3 Bxf3) 18. Qe2 ({Better is} 18. Bh3 $18) 18... Qc8 19. Nf5 exf5 $14 (19... Bf3 $2 20. Nxg7+ Kf7 21. Qf2 $18) 20. Rxd5 Qe6 21. Rd1 {Hoping for Bf4.} Qa2 22. Bd4 Nc4 {Loses the game.} (22... Ng6 $16) 23. Qh5+ $18 g6 {[%cal Ra2a1]} 24. Bxc4 bxc4 $2 {[#]} (24... Qa1+ 25. Kd2 Rd8) 25. Qe2 $1 {Rge1 is the strong threat.} (25. Qf3 Rd8 26. c3 O-O $11) 25... Rd8 {And now ...Qa1+ would win.} 26. Qe5 {White threatens Rge1 and mate. Active counter play!} Rf8 27. Rge1 {[%csl Ge1][%cal Re5e7]} Rd7 28. c3 {Intending Bc5 and mate.} ({Weaker is} 28. Kd2 c3+ 29. Kxc3 (29. bxc3 Qd5 $14) 29... Qd5 $16) 28... Rb7 {[#]} 29. Bb6 $1 {[%mdl 512] Weighted Error Value: White=0.13 (very precise) /Black=0.75} 1-0

[Event "Cracovia Chess Festival A 2021"]
[Site "Cracow"]
[Date "2022.01.03"]
[Round "8.7"]
[White "Golubka, Petro"]
[Black "Malek, Jan"]
[Result "1-0"]
[WhiteElo "2408"]
[BlackElo "2149"]
[Annotator "ChessBase"]
[PlyCount "53"]
[EventDate "2021.12.27"]
[EventCountry "POL"]
[SourceTitle "playchess.com"]
[Source "ChessBase"]
[SourceQuality "1"]
[TimeControl "40/5400+30:1800+30"]

1. e4 {[%emt 0:05:18]} c5 {[%emt 0:00:07]} 2. b3 {[%emt 0:01:20]} d6 {[%emt 0:14:08]} 3. Bb2 {[%emt 0:00:07]} Nc6 {[%emt 0:00:09]} 4. Bb5 {[%emt 0:00:17]} Bd7 {[%emt 0:00:42]} 5. f4 {[%emt 0:00:14]} a6 {[%emt 0:00:51]} 6. Bxc6 {[%emt 0:01:16]} Bxc6 {[%emt 0:00:03]} 7. Qe2 {[%emt 0:00:14]} e6 {[%emt 0:02:18]} 8. Nf3 {[%emt 0:00:12]} Nf6 {[%emt 0:00:10]} 9. Nc3 {[%emt 0:05:21]} Be7 {[%emt 0:10:15]} 10. O-O-O {[%emt 0:03:18]} Qc7 {[%emt 0:03:25]} 11. g4 {[%emt 0:07:24]} b5 {[%emt 0:09:56]} 12. g5 {[%emt 0:11:14]} Nh5 {[%emt 0:02:58]} 13. f5 {[%emt 0:00:33]} b4 {[%emt 0:04:56]} 14. Na4 {[%emt 0:03:17]} e5 {[%emt 0:02:09]} 15. Qe3 {[%emt 0:04:32]} Bxa4 {[%emt 0:12:28]} 16. bxa4 {[%emt 0:00:02]} c4 {[%emt 0:01:11]} 17. Kb1 {[%emt 0:00:37]} Rb8 {[%emt 0:01:23]} 18. d4 {[%emt 0:01:38]} c3 {[%emt 0:01:40]} 19. Bc1 {[%emt 0:00:07]} Qa5 {[%emt 0:09:00]} 20. dxe5 {[%emt 0:02:25]} Qxa4 {[%emt 0:00:16]} 21. Qd4 {[%emt 0:05:38]} dxe5 {[%emt 0:05:52]} 22. Nxe5 {[%emt 0:03:01]} O-O {[%emt 0:00:33]} 23. Qd7 {[%emt 0:12:33]} Rb5 {[%emt 0:01:17]} 24. Qxe7 {[%emt 0:04:56]} Ra5 {[%emt 0:01:21]} 25. a3 {[%emt 0:00:29]} bxa3 {[%emt 0:03:57]} 26. Rd8 {[%emt 0:01:50]} Qb5+ {[%emt 0:00:07]} 27. Ka2 {[%emt 0:00:21]} 1-0